000 00911nmm a2200253 a 4500
001 ocm000700902
003 TR-IsHL
005 20201028125814.0
008 130927s2001 tu eng
007 cr cn
035 _a700902
_b(N$T)
050 0 4 _aHF328.T9
_bI57 2001
090 0 4 _aHF328.T9
_bI57 2001
245 1 0 _aInstitutions of arbitration, conciliation and arbitral expertise of the Istanbul Chamber of Commerce
_h[electronic resource]
250 _a1. bs.
260 _aİstanbul :
_bİstanbul Ticaret Odası,
_c2001
300 _a32 p.
650 4 _aEkonomi ve Finans
650 4 _aEconomics and Finance
650 0 _aİstanbul Ticaret Odası
_x Tarihi
650 0 _aIstanbul Chamber of Commerce
_x History
650 7 _aBUSINESS & ECONOMICS / Corporate & Business History
_2bisacsh
856 4 0 _uhttp://search.ebscohost.com/login.aspx?direct=true&scope=site&db=e011xww&AN=700902
999 _c3680
_d3680